000
00332pab a2200145 454500
008
180718b1991 xxu||||| |||| 00| 0 eng d
100
_a
Stahl, Michael M.
245
_a
Managing a public service career
260
_c
1991
300
_a
37-9
362
_a
Spring
650
_a
Career Service
773
_a
Bureaucrat
909
_a
5156
999
_c
5156
_d
5156